Normal view MARC view
  • Corson, David,

Entry Nombre Personal

Number of records used in: 8

001 - NUMERO DE CONTROL

  • campo de control: 38236

003 - IDENTIFICADOR DE NUMERO DE CONTROL

  • campo de control: UPN

005 - FECHA Y HORA DE LA ÜLTIMA TRANSACCIÓN

  • campo de control: 20210219194533.0

008 - DATOS DE LONGITUD FIJA

  • campo de control de longitud fija: nabaccnnaabn|||||||||| b |nc|||||d

035 ## - NUMERO DE CONTROL

  • Número de control: UPN11000010343

040 ## - FUENTE DE CATALOGACIÓN

  • Lenguaje de catalogación: SPA
  • Agencia de transcripción: UPN

100 1# - ENCABEZAMIENTO - NOMBRE PERSONAL

  • Nombre personal: Corson, David,
  • Fechas asociadas con el nombre: 1945-2001

670 ## - FUENTE EN LA QUE SE LOCALIZARON DATOS

  • Cita de la fuente: T
  • Uniform Resource Identifier: http://www.tandfonline.com/doi/pdf/10.1080/09500780108666801

902 ## - CATALOGADOR

  • Catalogador: MCM/220216